[Event "BCF-chT3 1112 (4NCL)"]
[Site "England"]
[Date "2012.05.07"]
[Round "11.56"]
[White "Mladenov, Ilian"]
[Black "Simons, Martin J"]
[Result "1-0"]
[WhiteElo "2221"]
[BlackElo "2152"]
[PlyCount "75"]
[EventDate "2011.11.12"]
[EventType "team-swiss"]
[EventRounds "11"]
[EventCountry "ENG"]
[SourceTitle "EXT 2013"]
[Source "ChessBase"]
[SourceDate "2012.11.22"]
[SourceVersion "1"]
[SourceVersionDate "2012.11.22"]
[SourceQuality "1"]
[WhiteTeam "e2e4.org.uk II"]
[BlackTeam "Wessex"]
[WhiteTeamCountry "ENG"]
[BlackTeamCountry "ENG"]

1. d4 Nf6 2. Nf3 d6 3. Nc3 Bg4 4. e4 e6 5. h3 Bh5 6. Be2 Be7 7. Be3 Nc6 8. g4 Bg6 9. Nd2 d5 10. e5 Nd7 11. f4 Nb4 12. Rc1 c5 13. Nf3 h5 14. g5 Nc6 15. 0-0 a6 16. Qd2 b5 17. Nd1 Qb6 18. c3 Bf5 19. Kh2 c4 20. Nh4 g6 21. Nxf5 gxf5 22. h4 Kf8 23. Nf2 Kg7 24. Nh1 Kg6 25. Ng3 Rh7 26. Bd1 Rah8 27. Bc2 Nf8 28. b3 Ba3 29. Rb1 Ne7 30. bxc4 dxc4 31. d5 Bc5 32. Bxc5 Qxc5 33. d6 Nd5 34. Rbe1 Nd7 35. Nxf5 exf5 36. Bxf5+ Kxf5 37. Qc2+ Kg4 38. Qe2+ 1-0

[Event "BCF-chTa 1112 (4NCL)"]
[Site "England"]
[Date "2012.01.15"]
[Round "4.27"]
[White "Mladenov, Ilian"]
[Black "Ledger, Stephen C"]
[Result "1-0"]
[WhiteElo "2221"]
[BlackElo "2107"]
[PlyCount "55"]
[EventDate "2011.11.12"]
[EventType "team-tourn"]
[EventRounds "7"]
[EventCountry "ENG"]
[SourceTitle "EXT 2013"]
[Source "ChessBase"]
[SourceDate "2012.11.22"]
[SourceVersion "1"]
[SourceVersionDate "2012.11.22"]
[SourceQuality "1"]
[WhiteTeam "e2e4.org.uk"]
[BlackTeam "Blackthorne Russia"]
[WhiteTeamCountry "ENG"]
[BlackTeamCountry "ENG"]

1. d4 Nf6 2. Nf3 c5 3. c3 e6 4. Bg5 Be7 5. e3 b6 6. Nbd2 Bb7 7. Bd3 d6 8. 0-0 Nbd7 9. e4 d5 10. e5 Ne4 11. Bxe7 Qxe7 12. Re1 Nxd2 13. Qxd2 0-0 14. h4 f5 15. exf6 Rxf6 16. Qg5 Re8 17. Re3 Nf8 18. Ne5 Qc7 19. Ng4 Rf4 20. g3 cxd4 21. cxd4 Rxd4 22. Nf6+ Kf7 23. Nxe8 Kxe8 24. Rae1 Kf7 25. Rxe6 Nxe6 26. Qf5+ Kg8 27. Qxe6+ Qf7 28. Bxh7+ 1-0

[Event "BCF-chT3 1011 (4NCL)"]
[Site "England"]
[Date "2011.04.30"]
[Round "9.35"]
[White "Savage, Nicholas W"]
[Black "Mladenov, Ilian"]
[Result "1/2-1/2"]
[WhiteElo "2134"]
[BlackElo "2194"]
[PlyCount "89"]
[EventDate "2010.11.06"]
[EventType "team-swiss"]
[EventRounds "9"]
[EventCountry "ENG"]
[SourceTitle "EXT 2012"]
[Source "ChessBase"]
[SourceDate "2011.11.24"]
[SourceVersion "1"]
[SourceVersionDate "2011.11.24"]
[SourceQuality "1"]
[WhiteTeam "Iceni"]
[BlackTeam "e2e4.org.uk II"]
[WhiteTeamCountry "ENG"]
[BlackTeamCountry "ENG"]

1. d4 d5 2. c4 c6 3. Nf3 Nf6 4. e3 e6 5. b3 Nbd7 6. Bb2 Be7 7. Bd3 b6 8. Nc3 Bb7 9. 0-0 0-0 10. Qc2 c5 11. cxd5 exd5 12. Rac1 Rc8 13. Qe2 g6 14. Rfd1 Qc7 15. Qc2 Qb8 16. Qb1 a6 17. e4 dxe4 18. Nxe4 Qa8 19. Re1 cxd4 20. Rxc8 Rxc8 21. Bxd4 Nxe4 22. Bxe4 Bxe4 23. Qxe4 Qxe4 24. Rxe4 Bf6 25. Kf1 Nc5 26. Re3 Bxd4 27. Nxd4 Rd8 28. Nc2 Nd3 29. a3 a5 30. Ke2 Nc1+ 31. Kf3 Kg7 32. Rc3 Nd3 33. Ke3 Nc5 34. b4 axb4 35. axb4 Re8+ 36. Kf3 Ne4 37. Re3 f5 38. Ke2 Rc8 39. Nd4 Rc4 40. Ne6+ Kf6 41. Nf4 Nc3+ 42. Rxc3 Rxf4 43. Rc6+ Ke5 44. Rxb6 Rc4 45. Rb7 1/2-1/2

[Event "BCF-chT1b 1011 (4NCL)"]
[Site "England"]
[Date "2011.03.26"]
[Round "7.15"]
[White "Arakhamia Grant, Ketevan"]
[Black "Mladenov, Ilian"]
[Result "1-0"]
[WhiteElo "2458"]
[BlackElo "2194"]
[PlyCount "63"]
[EventDate "2010.11.06"]
[EventType "team-tourn"]
[EventRounds "7"]
[EventCountry "ENG"]
[SourceTitle "EXT 2012"]
[Source "ChessBase"]
[SourceDate "2011.11.24"]
[SourceVersion "1"]
[SourceVersionDate "2011.11.24"]
[SourceQuality "1"]
[WhiteTeam "Hilsmark Kingfisher"]
[BlackTeam "e2e4.org.uk"]
[WhiteTeamCountry "ENG"]
[BlackTeamCountry "ENG"]

1. e4 c5 2. Nf3 e6 3. d4 cxd4 4. Nxd4 a6 5. Bd3 Nc6 6. Nxc6 bxc6 7. 0-0 d5 8. Nd2 Nf6 9. Re1 Be7 10. e5 Nd7 11. c3 Qc7 12. Nf3 c5 13. h4 Bb7 14. Bf4 a5 15. Qd2 Ba6 16. Bc2 Rb8 17. b3 h6 18. h5 c4 19. Nd4 Nc5 20. bxc4 Bxc4 21. Re3 Ne4 22. Bxe4 dxe4 23. Rxe4 Ba3 24. Re3 Rb2 25. Qd1 Qd8 26. Rg3 a4 27. Bc1 Be2 28. Bxb2 Bxd1 29. Bxa3 Bxh5 30. Rb1 Qc8 31. Nb5 Kd7 32. Rd3+ 1-0

[Event "BCF-chT1b 1011 (4NCL)"]
[Site "England"]
[Date "2011.01.15"]
[Round "3.17"]
[White "Pinter, Gabor"]
[Black "Mladenov, Ilian"]
[Result "1/2-1/2"]
[WhiteElo "2363"]
[BlackElo "2194"]
[PlyCount "180"]
[EventDate "2010.11.06"]
[EventType "team-tourn"]
[EventRounds "7"]
[EventCountry "ENG"]
[SourceTitle "EXT 2012"]
[Source "ChessBase"]
[SourceDate "2011.11.24"]
[SourceVersion "1"]
[SourceVersionDate "2011.11.24"]
[SourceQuality "1"]
[WhiteTeam "Cambridge"]
[BlackTeam "e2e4.org.uk"]
[WhiteTeamCountry "ENG"]
[BlackTeamCountry "ENG"]

1. e4 e5 2. Nf3 d6 3. d4 Nd7 4. Bc4 c6 5. 0-0 Be7 6. Nc3 Ngf6 7. Re1 0-0 8. a4 a5 9. b3 Qc7 10. h3 Re8 11. Bb2 h6 12. Nh4 Bf8 13. Qd2 Nb6 14. Bf1 Be6 15. f4 Rad8 16. Rad1 Bc8 17. g4 Nfd7 18. Nf3 exd4 19. Nxd4 Nc5 20. Bg2 Nbd7 21. Kh1 Qb6 22. Bf3 Ne6 23. Nce2 Nxd4 24. Nxd4 Nc5 25. Bc3 Qc7 26. Bxa5 b6 27. Bc3 Bb7 28. a5 Ra8 29. Nf5 Re6 30. Qd4 Rg6 31. h4 Ne6 32. Qe3 Nc5 33. h5 Re6 34. Qd4 f6 35. axb6 Qxb6 36. Qc4 Ba6 37. Qd4 Rae8 38. b4 Nd7 39. Ra1 c5 40. bxc5 Nxc5 41. Kg2 Bb7 42. Qc4 Kh7 43. Ba5 Qa6 44. Qxa6 Bxa6 45. Nd4 R6e7 46. Nc6 Rd7 47. e5 fxe5 48. fxe5 Bb7 49. exd6 Rxe1 50. Rxe1 Rxd6 51. Ne7 Bxf3+ 52. Kxf3 Rf6+ 53. Kg2 Ne6 54. Bb4 Nf4+ 55. Kg3 g6 56. Nxg6 Nxg6 57. hxg6+ Kxg6 58. Bxf8 Rxf8 59. Re6+ Kg7 60. Re5 Kg6 61. Rc5 Rf1 62. Rc3 Kg5 63. Rc5+ Kg6 64. Rd5 Rc1 65. Rc5 Rf1 66. c3 Kf6 67. Rd5 Rc1 68. Rf5+ Kg6 69. Rf3 Kg5 70. Rf5+ Kg6 71. Rc5 Rf1 72. c4 Rg1+ 73. Kf3 Rf1+ 74. Kg2 Rf4 75. Kg3 Rf1 76. Rd5 Rc1 77. c5 Rc4 78. Kh4 Rc3 79. Rd6+ Kh7 80. c6 Kg7 81. Re6 Kh7 82. Rf6 Kg7 83. Rd6 Re3 84. g5 hxg5+ 85. Kxg5 Kf7 86. Kf5 Ke7 87. Rh6 Rc3 88. Re6+ Kd8 89. Ke5 Rc1 90. Kd5 Rd1+ 1/2-1/2

[Event "Leicester Atkins Memorial op"]
[Site "Leicester"]
[Date "2010.10.02"]
[Round "2"]
[White "Mladenov, Ilian"]
[Black "Coates, David H"]
[Result "0-1"]
[WhiteElo "2210"]
[BlackElo "2068"]
[PlyCount "54"]
[EventDate "2010.10.01"]
[EventType "swiss"]
[EventRounds "5"]
[EventCountry "ENG"]
[SourceTitle "CBM 138 Extra"]
[Source "ChessBase"]
[SourceDate "2010.10.29"]
[SourceVersion "1"]
[SourceVersionDate "2010.10.29"]
[SourceQuality "1"]

1. d4 Nf6 2. Bg5 Ne4 3. Bf4 c5 4. f3 Qa5+ 5. c3 Nf6 6. Nd2 cxd4 7. Nb3 Qb6 8. Qxd4 Nc6 9. Qxb6 axb6 10. Nd4 Nxd4 11. cxd4 d5 12. e3 e6 13. Bd3 Bb4+ 14. Kf2 Bd7 15. a3 Be7 16. g4 0-0 17. Ne2 Rfc8 18. Rac1 Ne8 19. Nc3 Nd6 20. Rc2 Nc4 21. Rhc1 Nxb2 22. Be2 Bxa3 23. Ra1 b5 24. Ra2 b4 25. Bd6 b3 26. Bxa3 bxa2 27. Bxb2 a1Q 0-1

[Event "BUL-chT-B 60th"]
[Site "Albena"]
[Date "2010.06.02"]
[Round "9.4"]
[White "Georgiev, Steljan"]
[Black "Mladenov, Ilian"]
[Result "1/2-1/2"]
[WhiteElo "2151"]
[BlackElo "2233"]
[PlyCount "65"]
[EventDate "2010.05.27"]
[EventType "team-tourn"]
[EventRounds "9"]
[EventCountry "BUL"]
[SourceTitle "CBM 136 Extra"]
[Source "ChessBase"]
[SourceDate "2010.07.02"]
[SourceVersion "2"]
[SourceVersionDate "2010.07.15"]
[SourceQuality "1"]
[WhiteTeam "Abritus"]
[BlackTeam "Pleven Spartak XXI"]
[WhiteTeamCountry "BUL"]
[BlackTeamCountry "BUL"]

1. Nf3 c5 2. c3 Nc6 3. d4 cxd4 4. cxd4 d5 5. Nc3 Nf6 6. Bf4 Bf5 7. e3 e6 8. Bd3 Bxd3 9. Qxd3 Bd6 10. Bxd6 Qxd6 11. 0-0 0-0 12. Rfc1 Rfc8 13. Nb5 Qd8 14. Qa3 Ne8 15. Rc2 a6 16. Nc3 Qe7 17. Qxe7 Nxe7 18. Rac1 Nd6 19. Nd2 Rc6 20. Kf1 Kf8 21. Ke2 Ke8 22. Kd3 Rac8 23. Ne2 Rxc2 24. Rxc2 Rxc2 25. Kxc2 Kd7 26. Kd3 Nc6 27. a3 f6 28. Nc3 b6 29. b3 Kc7 30. f3 Kd7 31. Na4 Kc7 32. Nc3 Kd7 33. Na4 1/2-1/2

[Event "BUL-chT-B 60th"]
[Site "Albena"]
[Date "2010.05.28"]
[Round "2.5"]
[White "Mladenov, Ilian"]
[Black "Ninov, Ventsislav"]
[Result "0-1"]
[WhiteElo "2233"]
[BlackElo "2264"]
[PlyCount "66"]
[EventDate "2010.05.27"]
[EventType "team-tourn"]
[EventRounds "9"]
[EventCountry "BUL"]
[SourceTitle "CBM 136 Extra"]
[Source "ChessBase"]
[SourceDate "2010.07.02"]
[SourceVersion "2"]
[SourceVersionDate "2010.07.15"]
[SourceQuality "1"]
[WhiteTeam "Pleven Spartak XXI"]
[BlackTeam "Lovetch"]
[WhiteTeamCountry "BUL"]
[BlackTeamCountry "BUL"]

1. d4 Nf6 2. Nf3 e6 3. Bg5 Be7 4. Nbd2 d5 5. e3 c5 6. c3 b6 7. Bb5+ Bd7 8. Bd3 Nc6 9. Ne5 Nxe5 10. dxe5 Ng8 11. Bf4 g5 12. Bg3 h5 13. h3 h4 14. Bh2 Bc6 15. e4 Nh6 16. Qe2 Qd7 17. 0-0-0 0-0-0 18. exd5 exd5 19. Ba6+ Bb7 20. Bxb7+ Kxb7 21. Nc4 Qe6 22. Qf3 g4 23. hxg4 Nxg4 24. Bf4 Nxf2 25. Nd6+ Bxd6 26. Rxd5 Ka6 27. Qe2+ c4 28. Qxc4+ Kb7 29. exd6 Rc8 30. Qd4 Nxh1 31. Re5 Qc4 32. Re7+ Ka6 33. Qd2 Rhe8 0-1

[Event "BUL-chT 59th"]
[Site "Sunny Beach"]
[Date "2009.05.10"]
[Round "3.3"]
[White "Tsvetkov, Ilia"]
[Black "Mladenov, Ilian"]
[Result "1-0"]
[WhiteElo "2381"]
[BlackElo "2237"]
[PlyCount "83"]
[EventDate "2009.05.08"]
[EventType "team-tourn"]
[EventRounds "7"]
[EventCountry "BUL"]
[SourceTitle "CBM 130 Extra"]
[Source "ChessBase"]
[SourceDate "2009.07.02"]
[SourceVersion "2"]
[SourceVersionDate "2009.07.15"]
[SourceQuality "1"]
[WhiteTeam "Sofia CSKA"]
[BlackTeam "Pleven Spartak XXI"]
[WhiteTeamCountry "BUL"]
[BlackTeamCountry "BUL"]

1. c4 c6 2. d4 d5 3. cxd5 cxd5 4. Nc3 Nf6 5. Bf4 Bf5 6. Qb3 Nc6 7. Nf3 Na5 8. Qd1 Nc6 9. e3 e6 10. Bb5 Nd7 11. 0-0 Rc8 12. Qa4 a6 13. Bxc6 Rxc6 14. Rfc1 Rc4 15. Qd1 Bb4 16. Nd2 Rc8 17. Qb3 Bxc3 18. Rxc3 Rxc3 19. Qxc3 0-0 20. Rc1 Qb6 21. Nb3 Qb5 22. Bd6 Re8 23. Qb4 Nb6 24. Na5 Nc4 25. Nxc4 dxc4 26. Rxc4 Qd5 27. Qc5 Qe4 28. Rc1 h6 29. h3 e5 30. Bxe5 Re6 31. Qc7 Rg6 32. Bg3 Bxh3 33. gxh3 h5 34. Qb8+ Kh7 35. Qe5 Qf3 36. Rc5 Rxg3+ 37. fxg3 Qd1+ 38. Kf2 Qd2+ 39. Kf3 Qd1+ 40. Kf4 Qf1+ 41. Kg5 g6 42. Kh4 1-0

[Event "Sofia Grigorov Memorial 6th"]
[Site "Sofia"]
[Date "2008.01.07"]
[Round "2"]
[White "Muratovic, Alija"]
[Black "Mladenov, Ilian"]
[Result "1-0"]
[WhiteElo "2443"]
[BlackElo "2243"]
[PlyCount "59"]
[EventDate "2008.01.06"]
[EventType "swiss"]
[EventRounds "7"]
[EventCountry "BUL"]
[SourceTitle "CBM 122 Extra"]
[Source "ChessBase"]
[SourceDate "2008.03.04"]
[SourceVersion "1"]
[SourceVersionDate "2008.03.04"]
[SourceQuality "1"]

1. e4 d6 2. d4 Nf6 3. Nc3 e5 4. dxe5 dxe5 5. Qxd8+ Kxd8 6. Bg5 c6 7. Bc4 Be6 8. Bxe6 fxe6 9. f3 Bb4 10. Nge2 Nbd7 11. 0-0-0 Kc7 12. Rd3 Nc5 13. Rd2 a5 14. a3 Bxc3 15. Nxc3 h6 16. Be3 Ncd7 17. Rhd1 b5 18. h4 Nb6 19. Bc5 Nfd7 20. Bg1 Rhf8 21. Rd3 b4 22. Na4 Rf7 23. Bxb6+ Nxb6 24. Nc5 Rf6 25. Rd6 Re8 26. axb4 axb4 27. Na6+ Kb7 28. Nxb4 Rc8 29. Nd3 Nc4 30. Nc5+ 1-0

[Event "BUL-ch U26"]
[Site "Sofia"]
[Date "2007.11.11"]
[Round "7.5"]
[White "Raev, Rostislav"]
[Black "Mladenov, Ilian"]
[Result "0-1"]
[WhiteElo "2313"]
[BlackElo "2229"]
[PlyCount "108"]
[EventDate "2007.11.07"]
[EventType "swiss"]
[EventRounds "7"]
[EventCountry "BUL"]
[SourceTitle "CBM 121 Extra"]
[Source "ChessBase"]
[SourceDate "2008.01.10"]
[SourceVersion "1"]
[SourceVersionDate "2008.01.10"]
[SourceQuality "1"]

1. d4 d5 2. Nf3 c6 3. g3 Nf6 4. Bg2 Bf5 5. 0-0 e6 6. c4 h6 7. Nc3 Nbd7 8. Nd2 Be7 9. e4 dxe4 10. Ndxe4 0-0 11. Bf4 Nxe4 12. Nxe4 Nf6 13. Nc3 Qb6 14. Na4 Qd8 15. Qb3 Qc8 16. Rac1 Rd8 17. Rfd1 Be4 18. Bxe4 Nxe4 19. Re1 Ng5 20. d5 Nh3+ 21. Kg2 Nxf4+ 22. gxf4 Bd6 23. dxe6 Bxf4 24. exf7+ Kh8 25. Rcd1 Qg4+ 26. Kf1 Rxd1 27. Rxd1 Rf8 28. Nc5 b6 29. Nb7 Qf5 30. Rd8 Qxf7 31. Qf3 Qxc4+ 32. Kg1 Bxh2+ 33. Kg2 Rxd8 34. Nxd8 Bc7 35. Nxc6 Bd6 36. Nd8 Bc5 37. b3 Qd4 38. Ne6 Qe5 39. Nf4 Qf5 40. Qa8+ Kh7 41. Qf3 Bd6 42. Qd3 Qxd3 43. Nxd3 Kg6 44. Kf3 Kf5 45. Ne1 g5 46. Nc2 g4+ 47. Kg2 Ke4 48. Ne3 h5 49. Nc4 Bc7 50. a4 Bf4 51. Na3 Kd3 52. f3 a6 53. b4 Kc3 54. b5 a5 0-1

[Event "BUL-ch U26"]
[Site "Sofia"]
[Date "2007.11.07"]
[Round "1.7"]
[White "Asenov, Yordan"]
[Black "Mladenov, Ilian"]
[Result "0-1"]
[WhiteElo "1992"]
[BlackElo "2229"]
[PlyCount "86"]
[EventDate "2007.11.07"]
[EventType "swiss"]
[EventRounds "7"]
[EventCountry "BUL"]
[SourceTitle "CBM 121 Extra"]
[Source "ChessBase"]
[SourceDate "2008.01.10"]
[SourceVersion "1"]
[SourceVersionDate "2008.01.10"]
[SourceQuality "1"]

1. d4 Nf6 2. c4 g6 3. Nc3 Bg7 4. Nf3 d6 5. e4 0-0 6. Be2 e5 7. dxe5 dxe5 8. Qxd8 Rxd8 9. Bg5 Re8 10. 0-0 c6 11. h3 Nbd7 12. Rad1 Nc5 13. Nd2 a5 14. Be3 Nfd7 15. Nb3 Bf8 16. Rd2 Nxb3 17. axb3 Nc5 18. Bxc5 Bxc5 19. Rfd1 Be6 20. Bg4 f5 21. exf5 gxf5 22. Bh5 Rf8 23. Kh2 Kg7 24. Re1 Kf6 25. g4 Rad8 26. Rde2 Bd4 27. gxf5 Bxf5 28. Bg4 Bg6 29. f4 exf4 30. Re6+ Kg7 31. Kg2 Be3 32. Ne4 Bxe4+ 33. Rxe4 Rd3 34. Re7+ Rf7 35. Rxf7+ Kxf7 36. Bf5 Rxb3 37. Re2 Bd4 38. Rd2 Rxb2 39. Rxb2 Bxb2 40. Bxh7 Ke7 41. Kf3 Kd6 42. Kxf4 Kc5 43. Ke3 Kxc4 0-1

[Event "BUL-chT 57th"]
[Site "Sunny Beach"]
[Date "2007.09.30"]
[Round "2.2"]
[White "Mladenov, Ilian"]
[Black "Ivanov, Bogidar"]
[Result "1-0"]
[WhiteElo "2229"]
[BlackElo "2188"]
[PlyCount "129"]
[EventDate "2007.09.29"]
[EventType "team"]
[EventRounds "7"]
[EventCountry "BUL"]
[SourceTitle "CBM 120 Extra"]
[Source "ChessBase"]
[SourceDate "2007.11.01"]
[SourceVersion "1"]
[SourceVersionDate "2007.11.01"]
[SourceQuality "1"]

1. d4 Nf6 2. Nf3 e6 3. Bg5 c5 4. e3 Be7 5. c3 0-0 6. Bd3 d6 7. Nbd2 Nbd7 8. 0-0 Re8 9. e4 Qc7 10. Qe2 e5 11. dxe5 dxe5 12. a4 Nf8 13. Nc4 Ne6 14. Bxf6 Nf4 15. Qc2 Bxf6 16. Ne3 Be6 17. Bc4 Rad8 18. g3 Bxc4 19. Nxc4 Qc8 20. Ne3 Qh3 21. Rfd1 Qh5 22. Ne1 Nh3+ 23. Kg2 Ng5 24. h4 Ne6 25. Nd5 Bxh4 26. gxh4 Qg4+ 27. Kf1 Qxh4 28. f3 Qh1+ 29. Kf2 Qh4+ 30. Kg1 h5 31. Qf2 Qg5+ 32. Qg2 Qh6 33. Nd3 f6 34. Kf2 c4 35. Ne1 Kf7 36. Nc2 Nc5 37. Nce3 Nd3+ 38. Kg1 h4 39. Nxc4 h3 40. Qg3 Nc5 41. Nde3 Kf8 42. Nf5 Qh7 43. b4 Nd3 44. Ncd6 Nf4 45. Kh2 Re6 46. Nxb7 Rxd1 47. Rxd1 g6 48. Rd8+ Re8 49. Rxe8+ Kxe8 50. Nfd6+ Kf8 51. Qg4 f5 52. exf5 gxf5 53. Qxf5+ Qxf5 54. Nxf5 Ne2 55. c4 Nf4 56. c5 Ke8 57. c6 Ne6 58. b5 Nc7 59. Nfd6+ Kf8 60. a5 Nd5 61. b6 axb6 62. a6 Nc7 63. a7 Ke7 64. Nb5 Na8 65. c7 1-0

[Event "BUL-chT 56th"]
[Site "Sunny Beach"]
[Date "2006.10.06"]
[Round "2"]
[White "Marholev, Dimitar"]
[Black "Mladenov, Ilian"]
[Result "0-1"]
[WhiteElo "2434"]
[BlackElo "2222"]
[PlyCount "88"]
[EventDate "2006.10.05"]
[EventType "team-tourn"]
[EventRounds "7"]
[EventCountry "BUL"]
[SourceTitle "CBM 114 Extra"]
[Source "ChessBase"]
[SourceDate "2006.11.03"]
[SourceVersion "1"]
[SourceVersionDate "2006.11.03"]
[SourceQuality "1"]
[WhiteTeam "Plovdiv Lokomotiv"]
[BlackTeam "Pleven Spartak XXI"]
[WhiteTeamCountry "BUL"]
[BlackTeamCountry "BUL"]

1. e4 e5 2. Nf3 Nc6 3. Bb5 Nf6 4. Qe2 d6 5. c3 Bd7 6. 0-0 Be7 7. d4 0-0 8. Nbd2 exd4 9. cxd4 Re8 10. d5 Ne5 11. Nxe5 dxe5 12. Bxd7 Nxd7 13. Nc4 Bd6 14. Na5 Rb8 15. Be3 Nb6 16. a3 Qd7 17. b4 a6 18. Bxb6 cxb6 19. Nc4 b5 20. Nxd6 Qxd6 21. Rfc1 Rbc8 22. Rc2 Rc7 23. Rac1 Rec8 24. h4 h6 25. Qd3 Kf8 26. g3 Ke7 27. Kg2 Rxc2 28. Rxc2 Rxc2 29. Qxc2 Kd7 30. Qd1 Qg6 31. Qf3 h5 32. Kh3 Kd6 33. Qe3 Kd7 34. f3 f5 35. Qa7 fxe4 36. Qxb7+ Ke8 37. Qa8+ Kd7 38. Qa7+ Kd8 39. Qb8+ Kd7 40. Qxe5 exf3 41. Qc3 Qf5+ 42. Kh2 f2 43. Qc6+ Kd8 44. Qa8+ Ke7 0-1

[Event "Sofia op 1st"]
[Site "Sofia"]
[Date "2006.05.14"]
[Round "6"]
[White "Mladenov, Ilian"]
[Black "Badev, Kiril"]
[Result "0-1"]
[WhiteElo "2207"]
[BlackElo "2364"]
[PlyCount "52"]
[EventDate "2006.05.11"]
[EventType "swiss"]
[EventRounds "9"]
[EventCountry "BUL"]
[SourceTitle "CBM 112 Extra"]
[Source "ChessBase"]
[SourceDate "2006.07.14"]
[SourceVersion "1"]
[SourceVersionDate "2006.07.14"]
[SourceQuality "1"]

1. d4 g6 2. Nf3 Bg7 3. Bg5 c6 4. c3 f6 5. Bh4 d5 6. Nbd2 Nh6 7. e4 0-0 8. Bd3 g5 9. Bg3 g4 10. Ng1 dxe4 11. Bxe4 e5 12. Bd3 exd4 13. Qc2 dxc3 14. bxc3 Na6 15. h3 f5 16. hxg4 Nc5 17. Bc4+ Kh8 18. g5 Qxg5 19. Ngf3 Qe7+ 20. Kf1 Ne4 21. Bf4 Ng4 22. Re1 Qc5 23. Be3 Nxe3+ 24. Rxe3 Ng3+ 25. fxg3 Qxe3 26. Nh4 Rf6 0-1

[Event "Baharov Memorial op 13th"]
[Site "Sofia"]
[Date "2005.11.28"]
[Round "6"]
[White "Dimitrov, Radoslav"]
[Black "Mladenov, Ilian"]
[Result "1/2-1/2"]
[WhiteElo "2100"]
[BlackElo "2207"]
[PlyCount "120"]
[EventDate "2005.11.25"]
[EventType "swiss"]
[EventRounds "7"]
[EventCountry "BUL"]
[SourceTitle "CBM 109 Extra"]
[Source "ChessBase"]
[SourceDate "2006.01.03"]
[SourceVersion "2"]
[SourceVersionDate "2006.01.03"]
[SourceQuality "1"]

1. e4 e5 2. Nf3 Nc6 3. Bc4 Bc5 4. Nc3 d6 5. d3 Nf6 6. Be3 Bb6 7. Qd2 h6 8. 0-0-0 Be6 9. Bxe6 fxe6 10. d4 Ng4 11. h3 Nxe3 12. fxe3 0-0 13. d5 exd5 14. Nxd5 Ne7 15. Rhe1 Kh7 16. h4 Bc5 17. b4 Bb6 18. a4 Nxd5 19. Qxd5 a5 20. b5 Qc8 21. Kb2 Rb8 22. Nd2 Rf2 23. Nc4 Bc5 24. Rf1 Rxg2 25. Qf7 c6 26. Rg1 Rxg1 27. Rxg1 Qf8 28. Qc7 d5 29. Nxa5 Bxe3 30. Rxg7+ Qxg7 31. Qxb8 Bb6 32. Nxb7 cxb5 33. axb5 Qe7 34. c3 dxe4 35. Qc8 e3 36. Qf5+ Kg7 37. Qg4+ Kf8 38. Qf5+ Kg7 39. Qg4+ Kf6 40. Qf3+ Kg7 41. Qg4+ Kf8 42. Qf5+ Qf7 43. Qxf7+ Kxf7 44. Kc2 Ke6 45. c4 Bd4 46. Kd3 Kd7 47. Na5 e4+ 48. Ke2 Kd6 49. Nb3 Bb6 50. h5 Ba7 51. Na5 Bd4 52. Nc6 Bb6 53. Nb4 Kc5 54. Nd5 Bd8 55. Nxe3 Kd4 56. Nf5+ Kxc4 57. Nd6+ Kb4 58. Ke3 Be7 59. Nf5 Bg5+ 60. Kxe4 Kxb5 1/2-1/2

[Event "BUL-chT 55th"]
[Site "Sunny Beach"]
[Date "2005.09.28"]
[Round "3.6"]
[White "Andreev, Stanislav"]
[Black "Mladenov, Ilian"]
[Result "1/2-1/2"]
[WhiteElo "2139"]
[BlackElo "2207"]
[PlyCount "45"]
[EventDate "2005.09.26"]
[EventType "team-swiss"]
[EventRounds "7"]
[EventCountry "BUL"]
[SourceTitle "CBM 108 Extra"]
[Source "ChessBase"]
[SourceDate "2005.11.04"]
[SourceVersion "1"]
[SourceVersionDate "2005.11.04"]
[SourceQuality "1"]
[WhiteTeam "Sofia Hemus"]
[BlackTeam "Pleven Spartak XXI"]
[WhiteTeamCountry "BUL"]
[BlackTeamCountry "BUL"]

1. d4 Nf6 2. c4 d6 3. Nf3 g6 4. Nc3 Bf5 5. Bf4 Bg7 6. e3 Ne4 7. Nxe4 Bxe4 8. Bd3 Bxd3 9. Qxd3 Nd7 10. 0-0 0-0 11. Rab1 a5 12. Rfd1 Re8 13. Bg5 c6 14. Qc2 Qc7 15. Rd2 e5 16. dxe5 dxe5 17. Rbd1 Nc5 18. e4 Ne6 19. Be3 Rad8 20. c5 Rxd2 21. Rxd2 Rd8 22. Qd1 Rxd2 23. Qxd2 1/2-1/2

[Event "Sofia Hemus op 17th"]
[Site "Sofia"]
[Date "2004.11.07"]
[Round "4.1"]
[White "Karakehajov, Kalin"]
[Black "Mladenov, Ilian"]
[Result "1-0"]
[WhiteElo "2330"]
[BlackElo "2235"]
[PlyCount "57"]
[EventDate "2004.11.06"]
[EventType "swiss"]
[EventRounds "6"]
[EventCountry "BUL"]
[SourceTitle "EXT 2005"]
[Source "ChessBase"]
[SourceDate "2004.11.15"]
[SourceVersion "1"]
[SourceVersionDate "2004.11.15"]
[SourceQuality "1"]

1. d4 Nf6 2. c4 e6 3. Nf3 b6 4. g3 Bb4+ 5. Bd2 Be7 6. Bg2 Bb7 7. Nc3 0-0 8. 0-0 Ne4 9. d5 Nxd2 10. Qxd2 Na6 11. Nd4 Qc8 12. a3 c6 13. Rad1 Re8 14. Rfe1 Bf8 15. e4 cxd5 16. cxd5 Nc7 17. Rc1 Qb8 18. Ndb5 Nxb5 19. Nxb5 Rc8 20. d6 Rxc1 21. Rxc1 Qd8 22. Rc7 Ba6 23. Bf1 Bxb5 24. Bxb5 Qf6 25. Rxd7 e5 26. Bc4 Kh8 27. Bxf7 Rc8 28. Ba2 Qf3 29. Rf7 1-0